Divergente : 21 personnages - Statistiques

Statistiques générales
  • Ce quiz a été pris 328 fois
  • Le résultat moyen est 11 sur 21
Statistiques - réponses
Hint Réponse % Correct
2 Quatre
99%
1 Tris
99%
5 Christina
86%
8 Caleb
77%
9 Peter
76%
12 Marcus
69%
15 Will
69%
3 Jeanine
64%
4 Eric
63%
7 Al
60%
11 Andrew
52%
14 Max
50%
16 Tori
50%
6 Evelyn
46%
13 Johanna
43%
10 Natalie
39%
17 Molly
23%
19 David
20%
21 Edith Prior
6%
18 Nita
6%
20 Edgar
5%
Aucun quiz correspondant
Distribution des résultats
% des personnes avec chaque résultat
Percentile par nombre de réponses
Votre historique - résultats
Vous n’avez pas pris ce quiz